| 000 | 01004nam a22002417a 4500 | ||
|---|---|---|---|
| 999 |
_c10159 _d10159 |
||
| 003 | AR-CdUCM | ||
| 008 | 190329b ||||| |||| 00| 0 spa d | ||
| 040 |
_aMUNICIPALIDAD PROVINCIAL DEL CUSCO _cBIBLIOTECA MUNICIPAL DEL CUSCO |
||
| 082 |
_a342.82 / _bC34 /1944 |
||
| 100 |
_aCastillo, Juan Lino _926855 |
||
| 245 | _aManual de impuestos peruanos de sucesión / | ||
| 260 |
_aLima : _bTalls. de la Casa Editora Torres Aguirre, _c1944. |
||
| 300 |
_axxviii, [13], 488 paginas ; _c23 cm. |
||
| 505 | _aContenido : Teoría e historia del impuesto a las sucesiones -- Modalidades del impuesto sucesorio -- Legislación vigente -- Destino de los impuestos sucesorios -- Administración de los impuestos sucesorios... | ||
| 650 |
_aContribuyente _926856 |
||
| 650 |
_aImpuestos Peruanos _926857 |
||
| 650 |
_aDerecho civil _97386 |
||
| 650 |
_aImpuestos sucesorios _926858 |
||
| 650 |
_aTransferencias _926859 |
||
| 710 |
_a Banco de Crédito del Perú _92412 |
||
| 942 |
_2ddc _cLIBROS |
||
| 945 | _awnts | ||